The wolves of winter : a novel /

"A captivating tale of humanity pushed beyond its breaking point, of family and bonds of love forged when everything is lost, and of a heroic young woman who crosses a frozen landscape to find her destiny. This debut novel is written in a post-apocalyptic tradition that spans The Hunger Games a...

Full description

Bibliographic Details
Main Author: Johnson, Tyrell (Author)
Format: Book
Language:English
Published: New York : Scribner, [2018]
Edition:First Scribner hardcover edition.
Subjects:

MARC

Tag First Indicator Second Indicator Subfields
LEADER 00000cam a22000008i 4500
001 in00003919265
005 20180201143605.0
008 180103s2018 nyu 000 1 eng
010 |a  2018000115 
035 |a (OCoLC)ocn962006284 
040 |a DLC  |b eng  |e rda  |c DLC  |d BTCTA  |d BDX  |d VTL  |d UAP  |d SBRWN  |d ILC  |d TCH  |d OCLCF  |d YDX  |d OPW  |d KVIJL 
020 |a 9781501155673  |q (hardback) 
020 |a 1501155679 
020 |z 9781501155697 (ebook) 
020 |a 9781501155680  |q (paperback) 
020 |a 1501155687 
024 8 |a 40027844139 
035 |a (OCoLC)962006284 
042 |a pcc 
050 0 0 |a PS3610.O38364  |b W65 2018 
082 0 0 |a 813/.6  |2 23 
084 |a FIC002000  |2 bisacsh 
049 |a TXAM 
100 1 |a Johnson, Tyrell,  |e author. 
245 1 4 |a The wolves of winter :  |b a novel /  |c Tyrell Johnson. 
250 |a First Scribner hardcover edition. 
264 1 |a New York :  |b Scribner,  |c [2018] 
300 |a 312 pages ;  |c 24 cm 
336 |a text  |b txt  |2 rdacontent 
337 |a unmediated  |b n  |2 rdamedia 
338 |a volume  |b nc  |2 rdacarrier 
520 |a "A captivating tale of humanity pushed beyond its breaking point, of family and bonds of love forged when everything is lost, and of a heroic young woman who crosses a frozen landscape to find her destiny. This debut novel is written in a post-apocalyptic tradition that spans The Hunger Games and Station Eleven but blazes its own distinctive path. Forget the old days. Forget summer. Forget warmth. Forget anything that doesn't help you survive in the endless white wilderness beyond the edges of a fallen world. Lynn McBride has learned much since society collapsed in the face of nuclear war and the relentless spread of disease. As the memories of her old life continue to haunt, she's forced to forge ahead in the snow-drifted Canadian Yukon, learning how to hunt and trap and slaughter. Shadows of the world before have found her tiny community--most prominently in the enigmatic figure of Jax, who brings with him dark secrets of the past and sets in motion a chain of events that will call Lynn to a role she never imagined. Simultaneously a heartbreakingly sympathetic portrait of a young woman searching for the answer to who she is meant to be and a frightening vision of a merciless new world in which desperation rules, The Wolves of Winter is enveloping, propulsive, and poignant"--  |c Provided by publisher. 
650 7 |a FICTION / Action & Adventure.  |2 bisacsh 
650 0 |a Survival  |v Fiction. 
650 7 |a Regression (Civilization)  |2 fast  |0 (OCoLC)fst01093263 
650 0 |a Regression (Civilization)  |v Fiction. 
650 7 |a Survival.  |2 fast  |0 (OCoLC)fst01761768 
651 7 |a Yukon.  |2 fast  |0 (OCoLC)fst01892691 
651 0 |a Yukon  |v Fiction. 
650 0 |a Dystopias  |v Fiction. 
650 4 |a Dystopias. 
650 4 |a Survival  |v Fiction. 
650 4 |a Regression (Civilization)  |v Fiction. 
651 4 |a Yukon Territory  |v Fiction. 
655 7 |a Science fiction.  |2 lcgft 
655 7 |a Dystopias.  |2 gsafd 
655 7 |a Apocalyptic fiction.  |2 lcgft 
655 7 |a Apocalyptic fiction.  |2 fast  |0 (OCoLC)fst01921582 
655 7 |a Fiction.  |2 fast  |0 (OCoLC)fst01423787 
655 4 |a Apocalyptic fiction. 
945 |b 415748 
947 |a A14850272627 
994 |a 92  |b TXA 
948 |a Cataloged  |b h  |c 2018/2/1  |d c  |e LEverett  |f 2:35:56 PM 
999 f f |s 5011100f-2a93-3e37-9fd7-51679022da13  |i d6c72ef5-41d3-3d24-85bb-cbdd60c905dd  |t 0 
952 f f |p normal  |a Texas A&M University  |b College Station  |c Sterling C. Evans Library  |d Evans: Library Stacks  |t 0  |e PS3610.O38364 W65 2018  |h Library of Congress classification  |i unmediated -- volume  |m A14850272627 
998 f f |a PS3610.O38364 W65 2018  |t 0  |l Evans: Library Stacks